00912nam a2200193 a 4500003000200000005001700002008004100019050003000060100002900090245016500119260009200284300004000376504004100416650005500457650005100512650004600563650005000609650005900659020250426112306.0970114s19uu xx 00 eng d aPGS GV 181.5 b.C967 2003 aCulalic, Raemund Vier E. aRecreation among the Aeta children in two resettlement areas: Barangay Linasin, Canaynayan and Barangay Bihawo, Botolona in Zambales /cRaemund Vier E. Culalic. aLas Piñas City, Philippines : bSouthville International School and Colleges,c2003. a45 pages :billustrations ;c28 cm. aIncludes bibliographical references. aAeta (Philippine people)zPhilippineszZambales.  aChildrenvRecreationzPhilippineszZambales.  a RecreationvSocial aspectszPhilippines. aIndigenous childrenzPhilippineszZambales.  aResettlementvSocial aspectszPhilippineszZambales.